000 00751nas a2200253 4500
001 BR8303497
003 BR-BrBNA
005 20231205085600.0
007 ta
008 230509b bl.|||p| |||| 00| 00por d
040 _aBR-BrBNA
_bpor
_cBiblioteca Nacional de Agricultura
041 _a(Pt)
072 _aF27
100 1 _aKampf, A.N.
245 1 _aO cultivo sem solo para jardinagem de interiores [Rio Grande do Sul, Brasil]
650 _aCULTIVO DO SOLO
650 _aPLANTIO
650 _aCULTIVO HIDROPONICO
650 _aJARDINAGEM
650 _aRIO GRANDE DO SUL
773 0 _tLavoura Arrozeira (Brazil)
_xISSN 0023-9143
_g(Sep 1983), v. 36(345) p. 50
_wBR8303497
909 _a202311
_bLúcia
_c55
_dLúcia Elande
942 _2AGRIS
_n0
_cANA
999 _c112373
_d112373